|
|
|
|
| LEADER |
00000nkmaa2200000 a 4500 |
| 001 |
vtls011875258 |
| 003 |
SK-MaSNL |
| 005 |
20260301184903.0 |
| 007 |
kh ao |
| 008 |
230802s1900 xo | |||0 k|slo |
| 035 |
|
|
|a urn:nbn:sk:snk-km00ej1l
|
| 035 |
|
|
|a urn:nbn:sk:snk-km45wfn
|
| 035 |
|
|
|a 8F4FCDFB-64B5-4870-8FB9-9D561B9E1C0F
|
| 040 |
|
|
|a SNKLA
|b slo
|c SNKLA
|e AACR2
|
| 041 |
0 |
|
|a slo
|
| 044 |
|
|
|a xo
|c SK
|
| 245 |
0 |
0 |
|a [Juraj Jurkovič s členmi výboru Pomocnej pokladnice v Skalici]
|h grafika
|
| 260 |
|
|
|a [S.l.
|b s.n.]
|c [1900]
|
| 300 |
|
|
|a 1 fotografia
|b v hnedom tóne
|c 12 x 17 cm
|
| 500 |
|
|
|a Fotografia je na kartóne s rozmermi 14 x 19 cm.
|
| 520 |
2 |
|
|a Zobrazenie: Juraj Jurkovič (sedí zľava 2.) s členmi výboru Pomocnej pokladnice v Skalici, ktorej bol predsedom. Záber okolo roku 1900.
|
| 600 |
1 |
7 |
|a Jurkovič, Juraj,
|d 1827-1903
|2 SNKMA
|9 191703
|
| 655 |
|
7 |
|a fotografie
|2 SNKPH
|9 70713
|
| 852 |
7 |
|
|a Slovenská národná knižnica
|b Literárny archív
|
| 958 |
|
|
|a ZO
|
| 958 |
|
|
|a BLA
|
| 999 |
|
|
|c 862003
|d 863933
|
| 952 |
|
|
|a SNKLA
|b SNKLA
|c SNKLA_DEP
|y NEVYP
|7 0
|p 17A1310340
|o snkSJ 21/7
|i snkLA 222/1958
|0 0
|1 0
|4 0
|d 2019-07-04
|f 1
|l 0
|r 2026-02-24 05:15:34
|w 2026-02-24
|